000 00664nam a22002177a 4500
003 UA-OsUOA
001 72188
007 ta
008 20101228b un ||||| |||| 00| 0 ukr d
100 _aПалей С.
090 _a657
_bП14
942 _cSA
040 _aUA-OsUOA
_bukr
_cUA-OsUOA
_dUA-OsUOA
245 _aІ знову до питання про реформування ПДВ
300 _aС.38-47
955 _a0
041 _aukr
080 _a657
773 0 _w72185
_tБухгалтерський облік і аудит
_dК.
_d2010
_g11
650 7 _a657 Бухгалтерія. Бухгалтерський облік. Рахівництво
_2UDC
999 _c358473
_d358473